Canada : Economic Developments and Policies.

This paper examines economic developments and policies in Canada during 1990-95. Spurred by the robust growth in the United States and the easing of monetary conditions between 1991 and 1993, economic growth in Canada continued to strengthen during 1994. Real GDP grew by 4.5 percent in 1994 after gr...

全面介紹

書目詳細資料
企業作者: International Monetary Fund
格式: 雜誌
語言:English
出版: Washington, D.C. : International Monetary Fund, 1995.
叢編:IMF Staff Country Reports; Country Report ; No. 1995/046
在線閱讀:Full text available on IMF
LEADER 01627cas a2200241 a 4500
001 AALejournalIMF000162
008 230101c9999 xx r poo 0 0eng d
020 |c 5.00 USD 
020 |z 9781451806823 
022 |a 1934-7685 
040 |a BD-DhAAL  |c BD-DhAAL 
110 2 |a International Monetary Fund. 
245 1 0 |a Canada :   |b Economic Developments and Policies. 
264 1 |a Washington, D.C. :  |b International Monetary Fund,  |c 1995. 
300 |a 1 online resource (178 pages) 
490 1 |a IMF Staff Country Reports 
500 |a <strong>Off-Campus Access:</strong> No User ID or Password Required 
500 |a <strong>On-Campus Access:</strong> No User ID or Password Required 
506 |a Electronic access restricted to authorized BRAC University faculty, staff and students 
520 3 |a This paper examines economic developments and policies in Canada during 1990-95. Spurred by the robust growth in the United States and the easing of monetary conditions between 1991 and 1993, economic growth in Canada continued to strengthen during 1994. Real GDP grew by 4.5 percent in 1994 after growing by 2.2 percent in 1993 and 0.6 percent in 1992. Economic growth in 1994 was led by exports and investment in machinery and equipment. However, growth was more broadly based in 1994; private consumption strengthened, and there was a rebound in residential and nonresidential construction. 
538 |a Mode of access: Internet 
830 0 |a IMF Staff Country Reports; Country Report ;  |v No. 1995/046 
856 4 0 |z Full text available on IMF  |u http://elibrary.imf.org/view/journals/002/1995/046/002.1995.issue-046-en.xml  |z IMF e-Library